000 00406nam a2200145Ia 4500
008 231019s9999 xx 000 0 und d
020 _a978-96993-3077-3
082 _a657
_bTUT-A
100 _aTutors-Emile Woolf
245 0 _aAdvanced Accounting and Financial Reoprting. Study Support Material
260 _aUK
_bEmile Woolf International
_c2016
300 _a1002
650 _aAccounting
999 _c34523
_d34523